|
|
|
|
| LEADER |
00000nab a22000001a 4500 |
| 001 |
vtls010313657 |
| 003 |
SK-MaSNL |
| 005 |
20260303091430.0 |
| 008 |
110926d19331015xo |r|p|||| |000 b|slo |
| 015 |
|
|
|a SNBRRBVU1918-1938
|
| 038 |
|
|
|a SNKBUCL
|
| 040 |
|
|
|a SNKBUVU
|b slo
|c SNKBUCL
|e AACR2
|
| 041 |
0 |
|
|a slo
|
| 044 |
|
|
|a xo
|c SK
|
| 080 |
|
|
|a 737.2
|2 1997
|
| 080 |
|
|
|a 730.071.1
|2 1997
|
| 245 |
0 |
0 |
|a K oslavám osemdesiatky prof. J. Škultétyho ...
|
| 500 |
|
|
|a V rubrike Chýrnik
|
| 600 |
1 |
7 |
|a Štefunko, Fraňo,
|d 1903-1974
|2 MM
|9 114523
|
| 600 |
1 |
7 |
|a Škultéty, Jozef,
|d 1853-1948
|2 MM
|9 189198
|
| 648 |
|
7 |
|a 1933
|2 snkbucl
|9 299118
|
| 650 |
0 |
7 |
|a medaily
|2 MM
|9 3060
|
| 773 |
0 |
|
|t Slovenský denník
|g Roč. 16, č. 235 (15.10.1933), s. 4
|
| 852 |
|
|
|a SNK
|b KIS3GCP
|
| 910 |
|
|
|a snkrbvumm
|
| 958 |
|
|
|a VY
|
| 999 |
|
|
|c 1807521
|d 1809451
|